| 000 | 00896nam a2200301 u 4500 | ||
|---|---|---|---|
| 001 | 000020455 | ||
| 003 | DO-SdBNP | ||
| 005 | 20160920154737.0 | ||
| 007 | 000020455 | ||
| 008 | 100809s1993 dr r 001 0 spa d | ||
| 040 |
_aBPMET _bspa _cBPMET |
||
| 092 |
_a020 _bL247i |
||
| 100 | 1 | _aDe Lancer, Julio R. | |
| 245 | 1 | 0 |
_aInquietudes : _b(artículos) / _cJulio R. De Lancer ; compiladoras Nidia de León, Miledys Marmolejos, Elida Jiménez. |
| 260 |
_aSanto Domingo : _bBiblioteca Nacional _c1993. |
||
| 300 |
_a245 p. ; _c21 cm. |
||
| 490 | 1 | _aOrfeo | |
| 650 | 4 |
_aBIBLIOTECOLOGÍA _xCOLECCIONES DE ESCRITOS |
|
| 650 | 4 | _aBIBLIOTECAS | |
| 650 | 4 | _aFERIA DEL LIBRO | |
| 650 | 4 | _aARTÍCULOS DE PRENSA | |
| 700 | 1 | _aLeón, Nidia de | |
| 700 | 1 | _aMarmolejo, Melidys | |
| 700 | 1 | _aJiménez, Elida | |
| 830 | 0 | _aOrfeo | |
| 942 |
_2ddc _cBK |
||
| 956 |
_aVMATEO _b10 _c20160820 _lBPMSU _h0069 |
||
| 999 |
_c7380 _d7380 |
||